[Event "37th Reykjavik op"]
[Site "Reykjavik ISL"]
[Date "2024.03.20"]
[Round "8.32"]
[White "Schliebener, Stephan"]
[Black "Tania, Sachdev"]
[WhiteElo "2088"]
[BlackElo "2393"]
[Result "1/2-1/2"]
[EventDate "2024.03.15"]
[PlyCount "132"]

1. d4 {[%eval 17,0]} Nf6 {[%eval 16,0]} 2. c4 {[%eval 16,0]} e6 {[%eval 21,0]}
3. Nc3 {[%eval 8,0]} Bb4 {[%eval 12,0]} 4. Qc2 {[%eval 3,0]} d5 {[%eval 9,0]}
5. a3 {[%eval 28,0]} Bxc3+ {[%eval 2,0]} 6. Qxc3 {[%eval 0,0]} O-O {[%eval 4,0]
} 7. Bg5 {[%eval 0,0]} dxc4 {[%eval 1,0]} 8. Qxc4 {[%eval 22,0]} b6 {[%eval 13,
0]} 9. Nf3 {[%eval 16,0]} Bb7 {[%eval 18,0]} 10. e3 {[%eval 8,0]} Qe7 {[%eval
48,0]} 11. Be2 {[%eval 14,0]} Rc8 {[%eval 17,0]} 12. O-O {[%eval 16,0]} c5 {
[%eval 15,0]} 13. Rac1 {[%eval 15,0]} Nbd7 {[%eval 16,0]} 14. Ne5 {[%eval 1,0]}
h6 {[%eval 17,0]} 15. Bxf6 {[%eval 0,0]} Nxf6 {[%eval 0,0]} 16. Bf3 {[%eval 12,
0]} Nd5 {[%eval 8,0]} 17. Nd3 {[%eval 1,0]} a5 {[%eval 3,0]} 18. dxc5 {[%eval
1,0]} Ba6 {[%eval 6,0]} 19. Qc2 {[%eval 9,0]} bxc5 {[%eval 0,0]} 20. Rfd1 {
[%eval 0,0]} Rab8 {[%eval 1,0]} 21. Ne5 {[%eval 2,0]} Qg5 {[%eval 16,0]} 22.
Nc4 {[%eval 0,0]} Bxc4 {[%eval 0,0]} 23. Qxc4 {[%eval 0,0]} Rxb2 {[%eval 4,0]}
24. Bxd5 {[%eval 0,0]} exd5 {[%eval 0,0]} 25. Qxd5 {[%eval 13,0]} Qf6 {[%eval
2,0]} 26. Rd2 {[%eval 0,0]} Rcb8 {[%eval 0,0]} 27. f4 $6 {[%eval 83,0]
Inaccuracy. Rxb2 was best.} (27. Rxb2 Rxb2 28. Qf3 Qxf3 29. gxf3 Ra2 30. Rxc5
Rxa3 31. Rc8+ Kh7 32. Rc7 Ra1+ 33. Kg2 Kg6) 27... Qe7 {[%eval 88,0]} 28. Rc3 {
[%eval -79,0]} Rb1+ {[%eval -83,0]} 29. Rd1 {[%eval -82,0]} g6 $2 {[%eval 0,0]
Mistake. Qe6 was best.} (29... Qe6 30. Qd3 Rxd1+ 31. Qxd1 Qa2 32. h4 Rb1 33.
Rc1 Rxc1 34. Qxc1 c4 35. Kh2 Qb3 36. Qd2) 30. h3 {[%eval 0,0]} Rxd1+ {[%eval 0,
0]} 31. Qxd1 {[%eval 0,0]} Qe4 {[%eval 0,0]} 32. Qc2 {[%eval 0,0]} Qxc2 {
[%eval 0,0]} 33. Rxc2 {[%eval 0,0]} Rb3 {[%eval 0,0]} 34. a4 {[%eval 0,0]} Rb4
{[%eval 0,0]} 35. Rxc5 {[%eval 0,0]} Rxa4 {[%eval 0,0]} 36. g4 {[%eval 0,0]}
Ra2 {[%eval 0,0]} 37. e4 {[%eval 2,0]} a4 {[%eval 0,0]} 38. e5 {[%eval 0,0]}
Re2 {[%eval 0,0]} 39. Ra5 {[%eval 0,0]} Re4 {[%eval 0,0]} 40. f5 {[%eval 0,0]}
gxf5 {[%eval 0,0]} 41. gxf5 {[%eval 0,0]} Kg7 {[%eval 0,0]} 42. Kg2 {[%eval 0,
0]} Rf4 {[%eval 0,0]} 43. e6 {[%eval 0,0]} fxe6 {[%eval 0,0]} 44. fxe6 {
[%eval 0,0]} Kf6 {[%eval 0,0]} 45. Ra6 {[%eval 0,0]} h5 {[%eval 0,0]} 46. Kg3 {
[%eval 0,0]} Rb4 {[%eval 0,0]} 47. Kf3 {[%eval 0,0]} Rb3+ {[%eval 0,0]} 48. Kg2
{[%eval 0,0]} Rb2+ {[%eval 0,0]} 49. Kg3 {[%eval 0,0]} Rb4 {[%eval 0,0]} 50.
Kf3 {[%eval 0,0]} Ke7 {[%eval 0,0]} 51. Kf2 {[%eval 0,0]} Rc4 {[%eval 0,0]} 52.
Kg2 {[%eval 0,0]} Kf6 {[%eval 0,0]} 53. Kf2 {[%eval 0,0]} Rc2+ {[%eval 0,0]}
54. Kg3 {[%eval 0,0]} Rc4 {[%eval 0,0]} 55. Kf2 {[%eval 0,0]} h4 {[%eval 0,0]}
56. Kg2 {[%eval 0,0]} Rf4 {[%eval 0,0]} 57. Kg1 {[%eval 0,0]} Rb4 {[%eval 0,0]}
58. Kg2 {[%eval 0,0]} Rb2+ {[%eval 0,0]} 59. Kf3 {[%eval 0,0]} Rb3+ {[%eval 0,
0]} 60. Kg4 {[%eval 0,0]} Rb4+ {[%eval 0,0]} 61. Kf3 {[%eval 0,0]} Rc4 {
[%eval 0,0]} 62. Kf2 {[%eval 0,0]} Rf4+ {[%eval 0,0]} 63. Ke3 {[%eval 0,0]} Rb4
{[%eval 0,0]} 64. Kf3 {[%eval 0,0]} Ke7 {[%eval 0,0]} 65. Kf2 {[%eval 0,0]}
Rf4+ {[%eval 0,0]} 66. Ke3 {[%eval 0,0]} Rb4 {[%eval 0,0]} 1/2-1/2

[Event "37th Reykjavik op"]
[Site "Reykjavik ISL"]
[Date "2024.03.20"]
[Round "8.33"]
[White "Wehding, Anton Bonsvig"]
[Black "Throstur, Thorhallsson"]
[WhiteElo "2056"]
[BlackElo "2388"]
[Result "0-1"]
[EventDate "2024.03.15"]
[PlyCount "58"]

1. d4 {[%eval 17,0]} Nf6 {[%eval 16,0]} 2. Nc3 {[%eval 0,0]} e6 {[%eval 34,0]}
3. Bf4 {[%eval 12,0]} b6 $6 {[%eval 61,0] Inaccuracy. d5 was best.} (3... d5 4.
Nb5 Na6 5. e3 Be7 6. Nf3 O-O 7. Be2 Bd7 8. Ne5) 4. e4 {[%eval 31,0]} Bb7 {
[%eval 51,0]} 5. Bd3 $6 {[%eval 29,0] Inaccuracy. e5 was best.} (5. e5 Ne4 6.
Nxe4 Bxe4 7. h4 h6 8. Ne2 Bb7 9. Nc3 Nc6) 5... d5 $4 {[%eval 184,0] Blunder.
Bb4 was best.} (5... Bb4 6. Qe2 c5 7. dxc5 bxc5 8. Nf3 Bxc3+ 9. bxc3 c4 10.
Bxc4) 6. exd5 $4 {[%eval 11,0] Blunder. Nb5 was best.} (6. Nb5 Na6 7. e5 Nd7 8.
c3 Nab8 9. Qg4 a6 10. Na3 c5) 6... Nxd5 {[%eval 4,0]} 7. Nxd5 {[%eval 2,0]}
Qxd5 {[%eval 2,0]} 8. Nf3 {[%eval 0,0]} Bd6 {[%eval 0,0]} 9. Bxd6 {[%eval 2,0]}
cxd6 {[%eval 21,0]} 10. O-O {[%eval 14,0]} Nd7 {[%eval 22,0]} 11. Re1 {[%eval
12,0]} Qh5 {[%eval 18,0]} 12. Nd2 {[%eval 5,0]} Qg5 {[%eval 12,0]} 13. Be4 {
[%eval 12,0]} Bxe4 {[%eval 12,0]} 14. Nxe4 {[%eval 15,0]} Qe7 {[%eval 2,0]} 15.
c4 {[%eval 13,0]} O-O {[%eval 1,0]} 16. Rc1 {[%eval 6,0]} Rac8 {[%eval 6,0]}
17. Re3 {[%eval 7,0]} f5 {[%eval 3,0]} 18. Nd2 {[%eval 12,0]} e5 {[%eval 1,0]}
19. dxe5 {[%eval 57,0]} dxe5 {[%eval 64,0]} 20. Nf3 {[%eval 87,0]} e4 {[%eval
89,0]} 21. Qd5+ {[%eval 91,0]} Kh8 {[%eval 92,0]} 22. Nd4 $2 {[%eval -165,0]
Mistake. Rd1 was best.} (22. Rd1 Rcd8 23. Qb7 Qe8 24. Ne1 Ne5 25. Rxd8 Qxd8 26.
h3 Nxc4 27. Rc3 Nxb2 28. Rc7 Rg8) 22... Nc5 {[%eval -158,0]} 23. f4 {[%eval
-165,0]} Nd3 {[%eval -171,0]} 24. Rf1 {[%eval -181,0]} Rcd8 $6 {[%eval -49,0]
Inaccuracy. Qe8 was best.} (24... Qe8 25. Nxf5 Rd8 26. Nxg7 Kxg7 27. Qxe4 Qxe4
28. Rxe4 Nxb2 29. f5 Kf6 30. Re6+ Kf7 31. g4) 25. Nxf5 $6 {[%eval -159,0]
Inaccuracy. Nc6 was best.} (25. Nc6 Rxd5 26. Nxe7 Rd7 27. Nc6 Rc7 28. Ne5 Nxb2
29. Rc1 Rd8 30. Rc2 Na4 31. Ree2 Rd1+) 25... Qf6 {[%eval -168,0]} 26. Qxe4 {
[%eval -154,0]} Nc5 {[%eval -153,0]} 27. Qe7 {[%eval -113,0]} Qxf5 {[%eval
-103,0]} 28. Qxa7 {[%eval -106,0]} Qf6 {[%eval -117,0]} 29. Re2 $4 {[%eval
-424,0] Blunder. Qa3 was best.} (29. Qa3 Rd2 30. b4 Qc6 31. Ref3 Ne4 32. b5 Qf6
33. Re1 Nc5 34. h3 h6 35. Qe3 Rxa2) 29... Qd4+ {[%eval -427,0]} 0-1

[Event "37th Reykjavik op"]
[Site "Reykjavik ISL"]
[Date "2024.03.20"]
[Round "8.34"]
[White "Weigand, Anton"]
[Black "Sidhant, Mohapatra"]
[WhiteElo "2036"]
[BlackElo "2379"]
[Result "0-1"]
[EventDate "2024.03.15"]
[PlyCount "72"]

1. e4 {[%eval 13,0]} e5 {[%eval 17,0]} 2. Nf3 {[%eval 21,0]} Nc6 {[%eval 13,0]}
3. Bb5 {[%eval 21,0]} a6 {[%eval 2,0]} 4. Ba4 {[%eval 31,0]} Nf6 {[%eval 14,0]}
5. Nc3 {[%eval 0,0]} Bd6 {[%eval 48,0]} 6. O-O {[%eval 25,0]} O-O {[%eval 16,0]
} 7. Re1 {[%eval 0,0]} Re8 {[%eval 0,0]} 8. d3 {[%eval 0,0]} h6 {[%eval 0,0]}
9. Nh4 {[%eval 54,0]} Nd4 {[%eval 48,0]} 10. Ne2 {[%eval 37,0]} c5 {[%eval 3,0]
} 11. c3 {[%eval 13,0]} Nxe2+ {[%eval 12,0]} 12. Qxe2 {[%eval 13,0]} Bf8 {
[%eval 18,0]} 13. Nf5 {[%eval 33,0]} b5 {[%eval 4,0]} 14. Bb3 {[%eval 35,0]} d5
{[%eval 38,0]} 15. Ng3 {[%eval 43,0]} Bg4 {[%eval 33,0]} 16. f3 {[%eval 7,0]}
Be6 {[%eval 73,0]} 17. Be3 {[%eval 73,0]} d4 {[%eval 71,0]} 18. Bxe6 {[%eval
55,0]} Rxe6 {[%eval 64,0]} 19. cxd4 {[%eval 56,0]} cxd4 {[%eval 67,0]} 20. Bd2
{[%eval 59,0]} Rc8 {[%eval 55,0]} 21. Rec1 {[%eval 47,0]} Rec6 {[%eval 17,0]}
22. Qd1 {[%eval 16,0]} Nd7 {[%eval 9,0]} 23. Rxc6 {[%eval 32,0]} Rxc6 {[%eval
23,0]} 24. Rc1 {[%eval 25,0]} Qc8 {[%eval 14,0]} 25. Rxc6 {[%eval 22,0]} Qxc6 {
[%eval 17,0]} 26. Kf2 {[%eval 43,0]} Nc5 {[%eval 42,0]} 27. Qb1 {[%eval 48,0]}
g6 {[%eval 2,0]} 28. Ke2 {[%eval 19,0]} h5 {[%eval 18,0]} 29. Qc2 {[%eval 34,0]
} Qd7 {[%eval 6,0]} 30. Bb4 $4 {[%eval -195,0] Blunder. Kf1 was best.} (30. Kf1
) 30... Nxd3 {[%eval -195,0]} 31. Kxd3 {[%eval -133,0]} Bxb4 {[%eval -146,0]}
32. Ne2 {[%eval -147,0]} Kg7 {[%eval -200,0]} 33. Nc1 {[%eval -11,0]} Qe7 {
[%eval -36,0]} 34. Qb3 $4 {[%eval -397,0] Blunder. Qe2 was best.} (34. Qe2 Qc7
35. Qc2 Qd8 36. Qe2 Qc8 37. Qc2 Qe6 38. Ke2 Qc4+ 39. Qxc4 bxc4 40. Kd1 Be7)
34... Qg5 {[%eval -392,0]} 35. Qxb4 $6 {[%eval -458,0] Inaccuracy. Qd1 was
best.} (35. Qd1 Qxg2 36. Qe2 Qg1 37. Kc2 Be7 38. Nd3 Bg5 39. a3 Be3 40. Kb3 Bf4
41. h3 Qh1) 35... Qxc1 {[%eval -474,0]} 36. Qd6 Qd1# 0-1

[Event "37th Reykjavik op"]
[Site "Reykjavik ISL"]
[Date "2024.03.20"]
[Round "8.35"]
[White "Dauner, Benedikt"]
[Black "Mardell, Jimmy"]
[WhiteElo "2366"]
[BlackElo "2172"]
[Result "1-0"]
[EventDate "2024.03.15"]
[PlyCount "49"]

1. e4 {[%eval 13,0]} c5 {[%eval 33,0]} 2. Na3 {[%eval 3,0]} e6 {[%eval 3,0]} 3.
Nf3 {[%eval 3,0]} d5 {[%eval 0,0]} 4. exd5 {[%eval 1,0]} exd5 {[%eval 0,0]} 5.
d4 {[%eval 0,0]} Nf6 {[%eval 0,0]} 6. Bb5+ {[%eval 9,0]} Bd7 {[%eval 25,0]} 7.
O-O {[%eval 22,0]} c4 {[%eval 76,0]} 8. b3 {[%eval 5,0]} Bxb5 $6 {[%eval 104,0]
Inaccuracy. cxb3 was best.} (8... cxb3 9. Bxd7+ Nbxd7 10. axb3 Bb4 11. Qe2+ Qe7
12. Qxe7+ Kxe7 13. c4 a5 14. Nc2 dxc4 15. bxc4) 9. Nxb5 {[%eval 151,0]} a6 $6 {
[%eval 241,0] Inaccuracy. Be7 was best.} (9... Be7 10. bxc4 a6 11. Na3 dxc4 12.
Nxc4 O-O 13. a4 Nbd7 14. Rb1 Nd5 15. Qd3 Qc7 16. Ne3) 10. Re1+ {[%eval 204,0]}
Ne4 {[%eval 253,0]} 11. Nc3 {[%eval 254,0]} Bb4 {[%eval 254,0]} 12. Nxe4 {
[%eval 246,0]} Bxe1 {[%eval 238,0]} 13. Neg5 $4 {[%eval 0,0] Blunder. Bg5 was
best.} (13. Bg5) 13... Bb4 {[%eval 0,0]} 14. Ne5 $6 {[%eval 73,0] Inaccuracy.
Nxf7 was best.} (14. Nxf7 Kxf7 15. Ne5+ Kg8 16. Qf3 h6 17. Qf7+ Kh7 18. Qf5+
Kg8 19. Qe6+ Kh7) 14... O-O $6 {[%eval 0,0] Inaccuracy. Qe7 was best.} (14...
Qe7) 15. Qh5 {[%eval 0,0]} h6 {[%eval 0,0]} 16. Ngxf7 {[%eval 0,0]} Qf6 {
[%eval 5,0]} 17. Bg5 {[%eval 46,0]} Qe6 $2 {[%eval 167,0] Mistake. Qf5 was
best.} (17... Qf5) 18. Nxh6+ {[%eval 142,0]} gxh6 {[%eval 147,0]} 19. Bxh6 {
[%eval 161,0]} Qf5 $6 {[%eval 223,0] Inaccuracy. Rf7 was best.} (19... Rf7 20.
Nxf7) 20. Qh4 {[%eval 226,0]} Rf6 $4 {[%eval 518,0] Blunder. Rf7 was best.} (
20... Rf7 21. Qd8+) 21. Qg3+ {[%eval 518,0]} Rg6 {[%eval 514,0]} 22. Nxg6 {
[%eval 508,0]} Kh7 {[%eval 507,0]} 23. Ne7 {[%eval 514,0]} Qf6 {[%eval 538,0]}
24. Nxd5 {[%eval 548,0]} Qxd4 {[%eval 613,0]} 25. c3 {[%eval 598,0]} 1-0

[Event "37th Reykjavik op"]
[Site "Reykjavik ISL"]
[Date "2024.03.20"]
[Round "8.36"]
[White "Heimisson, Hilmir Freyr"]
[Black "Mai, Alexander Oliver"]
[WhiteElo "2355"]
[BlackElo "2160"]
[Result "1-0"]
[EventDate "2024.03.15"]
[PlyCount "77"]

1. c4 {[%eval 16,0]} e6 {[%eval 18,0]} 2. Nc3 {[%eval 5,0]} d5 {[%eval 12,0]}
3. d4 {[%eval 24,0]} Be7 {[%eval 27,0]} 4. Nf3 {[%eval 2,0]} Nf6 {[%eval 0,0]}
5. g3 {[%eval 7,0]} O-O {[%eval 12,0]} 6. Bg2 {[%eval 0,0]} dxc4 {[%eval 23,0]}
7. Ne5 {[%eval 9,0]} c5 {[%eval 28,0]} 8. dxc5 {[%eval 16,0]} Qxd1+ {[%eval 19,
0]} 9. Nxd1 {[%eval 17,0]} Bxc5 {[%eval 18,0]} 10. O-O {[%eval 17,0]} Nd5 {
[%eval 8,0]} 11. Ne3 {[%eval 16,0]} Nxe3 {[%eval 15,0]} 12. Bxe3 {[%eval 1,0]}
Bxe3 {[%eval 2,0]} 13. fxe3 {[%eval 9,0]} Nd7 {[%eval 42,0]} 14. Nxc4 {[%eval
39,0]} Nf6 {[%eval 72,0]} 15. Rac1 {[%eval 79,0]} Rb8 {[%eval 7,0]} 16. Ne5 {
[%eval 92,0]} Nd5 {[%eval 77,0]} 17. Bxd5 {[%eval 35,0]} exd5 {[%eval 44,0]}
18. Kf2 {[%eval 7,0]} Re8 {[%eval 43,0]} 19. Nf3 {[%eval 25,0]} Re7 {[%eval 32,
0]} 20. Rc5 {[%eval 35,0]} Be6 {[%eval 32,0]} 21. Rfc1 {[%eval 28,0]} Kf8 {
[%eval 25,0]} 22. Nd4 {[%eval 32,0]} a6 {[%eval 32,0]} 23. Ke1 {[%eval 3,0]}
Rd8 {[%eval 35,0]} 24. Kd2 {[%eval 36,0]} g6 {[%eval 29,0]} 25. R1c3 {[%eval
25,0]} Red7 {[%eval 36,0]} 26. Rb3 {[%eval 33,0]} Ke7 {[%eval 47,0]} 27. Rb6 {
[%eval 38,0]} Kf6 {[%eval 38,0]} 28. Ke1 {[%eval 32,0]} Re8 {[%eval 32,0]} 29.
Kf2 {[%eval 37,0]} h5 {[%eval 29,0]} 30. h4 {[%eval 22,0]} Kg7 {[%eval 2,0]}
31. a4 {[%eval 21,0]} Bg4 {[%eval 28,0]} 32. a5 {[%eval 24,0]} Be6 {[%eval 22,
0]} 33. Rc3 {[%eval 2,0]} Rde7 {[%eval 41,0]} 34. Rcb3 {[%eval 23,0]} Bc8 {
[%eval 29,0]} 35. Rd6 {[%eval 3,0]} Re5 {[%eval 27,0]} 36. Rc3 {[%eval 21,0]}
Kf8 {[%eval 65,0]} 37. Rc7 {[%eval 55,0]} Kg8 {[%eval 44,0]} 38. Rc5 {[%eval
29,0]} Rxe3 $4 {[%eval 449,0] Blunder. Bg4 was best.} (38... Bg4 39. Rc3) 39.
Rxc8 1-0

[Event "37th Reykjavik op"]
[Site "Reykjavik ISL"]
[Date "2024.03.20"]
[Round "8.37"]
[White "Mensing, Adrian"]
[Black "Domalchuk-Jonasson, Aleksandr"]
[WhiteElo "1980"]
[BlackElo "2355"]
[Result "0-1"]
[EventDate "2024.03.15"]
[PlyCount "52"]

1. d4 {[%eval 17,0]} d5 {[%eval 25,0]} 2. c4 {[%eval 26,0]} e6 {[%eval 28,0]}
3. Nf3 {[%eval 11,0]} a6 {[%eval 34,0]} 4. g3 {[%eval 21,0]} dxc4 {[%eval 27,0]
} 5. Bg2 {[%eval 9,0]} b5 {[%eval 0,0]} 6. O-O $6 {[%eval 82,0] Inaccuracy.
Ne5 was best.} (6. Ne5 c6 7. O-O Bb7 8. b3 cxb3 9. Qxb3 Nf6 10. Rd1 Be7) 6...
Bb7 {[%eval 26,0]} 7. a4 {[%eval 55,0]} Nf6 {[%eval 18,0]} 8. axb5 {[%eval 33,
0]} axb5 {[%eval 37,0]} 9. Rxa8 {[%eval 41,0]} Bxa8 {[%eval 33,0]} 10. Nc3 {
[%eval 67,0]} b4 $6 {[%eval 0,0] Inaccuracy. Bc6 was best.} (10... Bc6) 11. Nb1
{[%eval 17,0]} Nbd7 {[%eval 1,0]} 12. Qa4 {[%eval 23,0]} Nd5 {[%eval 1,0]} 13.
e4 $6 {[%eval 82,0] Inaccuracy. Nbd2 was best.} (13. Nbd2 N5b6 14. Qb5 c3 15.
bxc3 bxc3 16. Nb1 Bd6 17. Nxc3 O-O 18. e4 Bb7 19. Bb2 Qe7) 13... N5b6 {[%eval
78,0]} 14. Qc2 {[%eval 81,0]} Nf6 {[%eval 71,0]} 15. e5 $2 {[%eval -187,0]
Mistake. Bg5 was best.} (15. Bg5 Bxe4 16. Qxe4 Nxe4 17. Bxd8 Kxd8 18. Ne5 Nd6
19. Nc6+ Kd7 20. Nxb4 g5 21. Nc3 Nf5) 15... Be4 {[%eval -185,0]} 16. Qd1 {
[%eval -199,0]} Bxb1 $6 {[%eval -89,0] Inaccuracy. Nfd5 was best.} (16... Nfd5
17. Nbd2 Bg6 18. Ng5 Be7 19. h4 h6 20. Nge4 O-O 21. Nc5 Qa8 22. Nde4 Qa5 23.
Qg4) 17. exf6 {[%eval -98,0]} gxf6 {[%eval 97,0]} 18. Nd2 {[%eval -98,0]} Bd3 {
[%eval -97,0]} 19. Bc6+ {[%eval -100,0]} Ke7 {[%eval -92,0]} 20. Ne4 $2 {
[%eval -195,0] Mistake. Re1 was best.} (20. Re1) 20... Bxf1 {[%eval -196,0]}
21. Bd2 {[%eval -124,0]} c3 {[%eval -193,0]} 22. bxc3 {[%eval -119,0]} Bd3 {
[%eval -123,0]} 23. c4 $6 {[%eval -218,0] Inaccuracy. Nc5 was best.} (23. Nc5
Bc4 24. Qc2 Qd6 25. Be4 Bg7 26. Bf4 e5 27. Nb7 Qd7) 23... Qxd4 {[%eval -294,0]}
24. Bxb4+ {[%eval -233,0]} Kd8 {[%eval -231,0]} 25. Bc3 {[%eval -375,0]} Qxc4 {
[%eval -388,0]} 26. Bxf6+ {[%eval -369,0]} Kc8 {[%eval -399,0]} 0-1

[Event "37th Reykjavik op"]
[Site "Reykjavik ISL"]
[Date "2024.03.20"]
[Round "8.38"]
[White "Mannion, Stephen"]
[Black "Botez, Alexandra"]
[WhiteElo "2166"]
[BlackElo "1986"]
[Result "1/2-1/2"]
[EventDate "2024.03.15"]
[PlyCount "142"]

1. e4 {[%eval 13,0]} e6 {[%eval 0,0]} 2. d4 {[%eval 41,0]} d5 {[%eval 21,0]} 3.
Nd2 {[%eval 12,0]} Be7 {[%eval 33,0]} 4. Bd3 {[%eval 0,0]} Nf6 $6 {[%eval 103,
0] Inaccuracy. c5 was best.} (4... c5 5. dxc5 Nf6 6. Qe2 O-O 7. Ngf3 a5 8. c3
Na6 9. e5) 5. Ngf3 $6 {[%eval 13,0] Inaccuracy. e5 was best.} (5. e5 Nfd7 6.
Qg4 O-O 7. c3 c5 8. Ne2 f5 9. Qg3 Rf7) 5... c5 {[%eval 39,0]} 6. e5 {[%eval 43,
0]} Nfd7 {[%eval 55,0]} 7. c3 {[%eval 28,0]} Nc6 {[%eval 49,0]} 8. O-O {
[%eval 58,0]} a5 {[%eval 54,0]} 9. Re1 {[%eval 69,0]} cxd4 {[%eval 5,0]} 10.
cxd4 {[%eval 57,0]} Qb6 {[%eval 51,0]} 11. Qa4 $2 {[%eval 69,0] Mistake. h3
was best.} (11. h3 a4) 11... g5 {[%eval 68,0]} 12. Nb3 $2 {[%eval -16,0]
Mistake. h3 was best.} (12. h3 h5) 12... g4 {[%eval -15,0]} 13. Nfd2 {[%eval
-14,0]} Qc7 {[%eval -17,0]} 14. Nc5 {[%eval -197,0]} Bxc5 {[%eval -196,0]} 15.
dxc5 {[%eval -178,0]} Nxc5 {[%eval -3,0]} 16. Qa3 {[%eval -184,0]} Nxd3 {
[%eval -7,0]} 17. Qxd3 {[%eval -9,0]} Nb4 {[%eval -8,0]} 18. Qe2 {[%eval -184,
0]} Nc2 {[%eval -174,0]} 19. Rb1 {[%eval -154,0]} Nxe1 {[%eval -143,0]} 20.
Qxe1 {[%eval -194,0]} Qc2 {[%eval -156,0]} 21. Ra1 {[%eval -195,0]} Bd7 {
[%eval -138,0]} 22. Nb3 {[%eval -138,0]} a4 $6 {[%eval -41,0] Inaccuracy. Qe4
was best.} (22... Qe4 23. Be3 Qxe5 24. Qd2 O-O 25. f3 f6 26. fxg4 Rf7 27. Rf1
Rc8 28. Nc5 Bb5 29. Rf2) 23. Nd4 {[%eval -33,0]} Qe4 $2 {[%eval 53,0] Mistake.
Qd3 was best.} (23... Qd3) 24. Qb4 {[%eval 57,0]} Qxe5 {[%eval 6,0]} 25. g3 {
[%eval 99,0]} Qg7 $6 {[%eval 17,0] Inaccuracy. Qf6 was best.} (25... Qf6) 26.
Bf4 {[%eval 18,0]} Rc8 {[%eval 18,0]} 27. b3 {[%eval 21,0]} h5 {[%eval 7,0]}
28. Re1 {[%eval 5,0]} Qh7 $4 {[%eval 304,0] Blunder. Qg6 was best.} (28... Qg6
29. Re5 f6 30. Nf5 Rh7 31. Nd6+ Kf8 32. Nxc8+ Kg8 33. Ne7+ Rxe7 34. Qxe7 fxe5
35. Qd8+) 29. Bg5 {[%eval 335,0]} f6 {[%eval 442,0]} 30. Nxe6 {[%eval 416,0]}
Kf7 {[%eval 408,0]} 31. Nf8 $4 {[%eval 32,0] Blunder. Qd6 was best.} (31. Qd6
Kg8 32. Bxf6 Re8 33. Re5 Rxe6 34. Rxe6 Bxe6 35. Qxe6+ Kf8 36. Bxh8 Qxh8 37.
Qc8+ Kg7) 31... Rhxf8 {[%eval 4,0]} 32. Re7+ {[%eval 0,0]} Kg8 {[%eval 0,0]}
33. Rxh7 {[%eval 0,0]} Kxh7 {[%eval 6,0]} 34. Be3 $2 {[%eval -63,0] Mistake.
Qe7+ was best.} (34. Qe7+) 34... Kg6 {[%eval -58,0]} 35. bxa4 {[%eval -71,0]}
Bf5 {[%eval -65,0]} 36. Qf4 $6 {[%eval -199,0] Inaccuracy. h3 was best.} (36.
h3 Rfe8 37. Qf4 Rh8 38. Qd6 Be4 39. Qf4 Bf3 40. Bd4 Rc6 41. Kh2 Re6 42. a3 Rc6)
36... Rh8 {[%eval -186,0]} 37. h4 {[%eval -198,0]} Rc4 {[%eval -195,0]} 38. Qd6
{[%eval -182,0]} Be4 {[%eval -6,0]} 39. Kf1 {[%eval -148,0]} Rhc8 {[%eval -133,
0]} 40. Ke1 {[%eval -152,0]} Bf3 {[%eval -153,0]} 41. a5 $6 {[%eval -266,0]
Inaccuracy. Qd7 was best.} (41. Qd7 d4 42. Bf4 Rc2 43. Bd2 R2c5 44. Bf4 Rc4 45.
Qb5 Rc3 46. a5 R3c5 47. Qd7 Rc2) 41... d4 {[%eval -118,0]} 42. Bf4 $2 {[%eval
-325,0] Mistake. Bd2 was best.} (42. Bd2 R4c5) 42... Rc2 {[%eval -397,0]} 43.
Qd7 $6 {[%eval -433,0] Inaccuracy. Qa3 was best.} (43. Qa3 Re8+ 44. Kf1 Kg7 45.
a6 bxa6 46. Qa5 Rec8 47. Ke1 Kg6 48. Qa3 Re2+ 49. Kf1 Kg7) 43... Re2+ {[%eval
-433,0]} 44. Kf1 {[%eval -467,0]} Rce8 {[%eval -464,0]} 45. Bd2 $2 {[%eval
-1164,0] Mistake. Be3 was best.} (45. Be3 Re4 46. Qc8 dxe3 47. Qg8+ Kf5 48.
Qd5+ Re5 49. Qd7+ Kg6 50. Qd3+ Re4 51. Qxe4+ Bxe4) 45... R8e4 {[%eval -879,0]}
46. Qd8 $2 {[%eval -32731,0] Checkmate is now unavoidable. Be3 was best.} (46.
Be3 dxe3 47. Qc8 Rxf2+ 48. Ke1 Re2+ 49. Kd1 Rh2+ 50. Kc1 Kf7 51. Qxb7+ Re7 52.
Qb4 e2) 46... Rxd2 {[%eval -32731,0]} 47. Qg8+ {[%eval -32737,0]} Kf5 {[%eval
-32739,0]} 48. Qh7+ {[%eval -32737,0]} Ke6 {[%eval -32739,0]} 49. Qg8+ {
[%eval -32737,0]} Ke7 {[%eval -32737,0]} 50. Qg7+ {[%eval -32735,0]} Kd8 $4 {
[%eval 0,0] Lost forced checkmate sequence. Ke6 was best.} (50... Ke6 51. Qg8+
Kd7 52. Qd5+ Ke7 53. Qxb7+ Ke8 54. Qc6+ Kf7 55. Qc4+ Re6 56. Qc7+ Re7 57. Qc4+)
51. Qxf6+ {[%eval 0,0]} Kd7 {[%eval 0,0]} 52. Qf7+ {[%eval 0,0]} Kd6 {[%eval 0,
0]} 53. Qf6+ {[%eval 0,0]} Kd7 {[%eval 0,0]} 54. Qf7+ {[%eval 0,0]} Re7 {
[%eval 0,0]} 55. Qf5+ {[%eval 0,0]} Kc6 {[%eval 0,0]} 56. Qf6+ {[%eval 0,0]}
Kd7 {[%eval 0,0]} 57. Qf5+ {[%eval 0,0]} Kd8 {[%eval 0,0]} 58. Qf8+ {[%eval 0,
0]} Re8 {[%eval 0,0]} 59. Qf6+ {[%eval 0,0]} Kc8 {[%eval 0,0]} 60. Qf5+ {
[%eval 0,0]} Kd8 {[%eval 0,0]} 61. Qf6+ {[%eval 0,0]} Kd7 {[%eval 0,0]} 62.
Qf7+ {[%eval 0,0]} Re7 {[%eval 0,0]} 63. Qf5+ {[%eval 0,0]} Kd6 {[%eval 0,0]}
64. Qf4+ {[%eval 0,0]} Kd5 {[%eval 0,0]} 65. Qxd2 {[%eval 0,0]} Re2 {[%eval 0,
0]} 66. Qb4 {[%eval 0,0]} Ke4 $4 {[%eval 254,0] Blunder. d3 was best.} (66...
d3 67. Qb5+ Kd4 68. Qb6+ Kc4 69. Qc7+ Bc6 70. a6 Rxa2 71. Qf7+ Bd5 72. Qf4+ Kc5
73. Qe3+) 67. Qxb7+ {[%eval 297,0]} Kd3 {[%eval 286,0]} 68. Qb3+ {[%eval 286,0]
} Kd2 {[%eval 255,0]} 69. Qb2+ {[%eval 266,0]} Kd3 {[%eval 343,0]} 70. Qb3+ {
[%eval 300,0]} Kd2 {[%eval 248,0]} 71. Qb2+ {[%eval 258,0]} Kd3 {[%eval 202,0]}
1/2-1/2